LEADER 01439nam--2200397---450- 001 990000519720203316 005 20100824101946.0 035 $a0051972 035 $aUSA010051972 035 $a(ALEPH)000051972USA01 035 $a0051972 100 $a20010621d1984----km-y0itay0103----ba 101 $aita 102 $aIT 105 $a||||||||001yy 200 1 $a<> "negoziazione legislativa"$fEugenio De Marco 210 $aPadova$cCEDAM$d1984 215 $aX, 307 p.$d24 cm 225 2 $aPubblicazioni$fdell'Istituto di diritto pubblico della Facoltà di giurisprudenza, Università degli studi di Roma "La Sapienza"$hSer. 3$v43 410 $12001$aPubblicazioni$fdell'Istituto di diritto pubblico della Facoltà di giurisprudenza, Università degli studi di Roma "La Sapienza"$hSer. 3$v43 461 1$1001-------$12001 606 0 $aLegge$xDiritto costituzionale 676 $a342.45 700 1$aDE MARCO,$bEugenio$0145084 801 0$aIT$bsalbc$gISBD 912 $a990000519720203316 951 $aXXIV.1. Coll. 18/ 31 (X 20 LX 43)$b74363 EC$cXXIV.1. Coll. 18/ 31 (X 20 LX)$d00275570 959 $aBK 969 $aGIU 979 $aPATTY$b90$c20010621$lUSA01$h1310 979 $aPATTY$b90$c20010621$lUSA01$h1310 979 $c20020403$lUSA01$h1701 979 $aPATRY$b90$c20040406$lUSA01$h1636 979 $aRSIAV4$b90$c20100824$lUSA01$h1019 996 $aNegoziazione legislativa$9579883 997 $aUNISA LEADER 03592nam 22008175 450 001 9910300390603321 005 20251230055126.0 010 $a3-319-04639-X 024 7 $a10.1007/978-3-319-04639-6 035 $a(CKB)2560000000148746 035 $a(EBL)1698343 035 $a(OCoLC)902412007 035 $a(SSID)ssj0001204949 035 $a(PQKBManifestationID)11698806 035 $a(PQKBTitleCode)TC0001204949 035 $a(PQKBWorkID)11180277 035 $a(PQKB)11674787 035 $a(MiAaPQ)EBC1698343 035 $a(DE-He213)978-3-319-04639-6 035 $a(PPN)178321184 035 $a(EXLCZ)992560000000148746 100 $a20140403d2014 u| 0 101 0 $aeng 135 $aur|n|---||||| 181 $ctxt 182 $cc 183 $acr 200 10$aInternational Multidisciplinary Microscopy Congress $eProceedings of InterM, Antalya, Turkey, October 10?13, 2013 /$fedited by Efstathios K. Polychroniadis, Ahmet Yavuz Oral, Mehmet Ozer 205 $a1st ed. 2014. 210 1$aCham :$cSpringer International Publishing :$cImprint: Springer,$d2014. 215 $a1 online resource (288 p.) 225 1 $aSpringer Proceedings in Physics,$x1867-4941 ;$v154 300 $aDescription based upon print version of record. 311 08$a3-319-04638-1 320 $aIncludes bibliographical references and index. 327 $aEditorial -- Part 1: Applications of Microscopy in the Physical Sciences -- Part 2: Applications of Microscopy in the Biological Sciences -- Organization -- Index. 330 $aThe International Multidisciplinary Microscopy Congress (INTERM2013) was organized on October 10-13, 2013. The aim of the congress was to bring together scientists from various branches to discuss the latest advances in the field of microscopy. The contents of the congress have been broadened to a more "interdisciplinary" scope, so as to allow all scientists working on related subjects to participate and present their work. These proceedings include 39 peer-reviewed technical papers, submitted by leading academic and research institutions from over 12 countries and representing some of the most cutting-edge research available. The 39 papers are grouped into the following sections: - Applications of Microscopy in the Physical Sciences - Applications of Microscopy in the Biological Sciences. 410 0$aSpringer Proceedings in Physics,$x1867-4941 ;$v154 606 $aSpectrum analysis 606 $aBiophysics 606 $aCoatings 606 $aTribology 606 $aCorrosion and anti-corrosives 606 $aSpectroscopy 606 $aBiophysics 606 $aCoatings 606 $aTribology 606 $aCorrosion 606 $aBioanalysis and Bioimaging 615 0$aSpectrum analysis. 615 0$aBiophysics. 615 0$aCoatings. 615 0$aTribology. 615 0$aCorrosion and anti-corrosives. 615 14$aSpectroscopy. 615 24$aBiophysics. 615 24$aCoatings. 615 24$aTribology. 615 24$aCorrosion. 615 24$aBioanalysis and Bioimaging. 676 $a502.82 702 $aPolychroniadis$b Efstathios K$4edt$4http://id.loc.gov/vocabulary/relators/edt 702 $aOral$b Ahmet Yavuz$4edt$4http://id.loc.gov/vocabulary/relators/edt 702 $aO?zer$b Mehmet$4edt$4http://id.loc.gov/vocabulary/relators/edt 801 0$bMiAaPQ 801 1$bMiAaPQ 801 2$bMiAaPQ 906 $aBOOK 912 $a9910300390603321 996 $aInternational Multidisciplinary Microscopy Congress$91770414 997 $aUNINA